Computer Organization and Design The Hardware Software Interface (Record no. 568)

MARC details
000 -LEADER
fixed length control field 00388nam a22001577a 4500
020 ## - INTERNATIONAL STANDARD BOOK NUMBER
International Standard Book Number 981-4033-588
041 ## - LANGUAGE CODE
Language code of text/sound track or separate title ENG
100 ## - MAIN ENTRY--PERSONAL NAME
Personal name David.A.P
245 ## - TITLE STATEMENT
Title Computer Organization and Design The Hardware Software Interface
250 ## - EDITION STATEMENT
Edition statement Second End
260 ## - PUBLICATION, DISTRIBUTION, ETC. (IMPRINT)
Place of publication, distribution, etc Singapore
Name of publisher, distributor, etc Harcourt Asia Pte Ltd
Date of publication, distribution, etc 2000
300 ## - PHYSICAL DESCRIPTION
Extent 759
650 ## - SUBJECT ADDED ENTRY--TOPICAL TERM
Topical term or geographic name as entry element Computer
700 ## - ADDED ENTRY--PERSONAL NAME
Personal name Hennessy.J.L
856 ## - ELECTRONIC LOCATION AND ACCESS
Uniform Resource Identifier Computer
Holdings
Withdrawn status Lost status Source of classification or shelving scheme Damaged status Not for loan Home library Current library Shelving location Date acquired Barcode Date last seen Price effective from Koha item type
    Dewey Decimal Classification     College of Agricultural Engineering and Technology, Dapoli , Library College of Agricultural Engineering and Technology, Dapoli , Library Book Cart 31/08/2021 001075 31/08/2021 31/08/2021 Books

Contact Us: College of Agricultural Engineering and Technology, Dapoli, Dist.- Ratnagiri
Website: https://dbskkv.org Email: caetlibrary2015@gmail.com